|
|
|
|
| LEADER |
00770nam a2200193 a 4500 |
| 001 |
91996 |
| 008 |
090819s1999 enka 000 0 eng d |
| 020 |
|
|
|a 019433015X
|
| 040 |
|
|
|a UkENL
|b eng
|c UkENL
|d Uk
|
| 082 |
0 |
0 |
|a 372.6/1
|2 21
|
| 100 |
1 |
|
|a Bourke, Kenna.
|
| 245 |
1 |
0 |
|a The grammar lab :
|n Book 1 /
|c Kenna Bourke ; illustrated by Korky Paul and David Mostyn.
|
| 260 |
|
|
|a Oxford :
|b Oxford University Press,
|c 1999.
|
| 300 |
|
|
|a 170 p. :
|b ill. col. ;
|c 28 cm.
|
| 541 |
1 |
|
|e 00015921
|
| 650 |
|
0 |
|a English language
|x Grammar
|x Study and teaching.
|
| 852 |
4 |
|
|a Ayesha Abed Library
|j General shelf
|
| 999 |
|
|
|c 3610
|d 3610
|
| 952 |
|
|
|0 0
|1 4
|2 ddc
|4 0
|6 372_610000000000000_BOU
|7 0
|9 3276
|a BRACUL
|b BRACUL
|c GEN
|d 2009-09-02
|l 0
|o 372.61 BOU
|p 3010015921
|r 2009-09-02
|t 1
|w 2009-09-02
|y BK
|x Koha Inventory 2020
|